| 000 | 00786nam a2200205 i 4500 | ||
|---|---|---|---|
| 001 | 71237 | ||
| 003 | ES-MaACL | ||
| 005 | 20251116063055.0 | ||
| 007 | t| | ||
| 008 | 040806s1929 sp ||||1| spa d | ||
| 100 | 1 |
_aGavira Martín, José, _d1903-1951 _956090 |
|
| 245 | 1 | 0 |
_aEstudios sobre la Iglesia española medieval _b: episcopologías de sedes navarro-aragonesas durante los siglos XI y XII / _cpor José Gavira Martín ; con un prólogo de Eduardo Ibarra. |
| 260 |
_aMadrid : _bJusto López, _c1929. |
||
| 300 |
_a180 p. : _bil. ; _c21 cm. |
||
| 650 | 0 | 4 |
_aObispos- _zNavarra (Comunidad Autónoma) _915656 |
| 650 | 7 |
_aObispos- _zAragón _2 _9166986 |
|
| 700 | 1 |
_aIbarra y Rodríguez, Eduardo, _d1866-1944 _964967 |
|
| 852 |
_aES-MaACL _jB-645 |
||
| 999 |
_c71237 _d71237 |
||